Súbor didaktických úloh v prostredí Tecnomatix Plant Simulation

Gespeichert in:
Bibliographische Detailangaben
1. Verfasser: Kamhal, Armín (Verfasst von)
Weitere Verfasser: Kmeť, Vladimír (Betreuung Doktorarbeit)
Format: Manuskript Buch
Sprache:Slowakisch
Veröffentlicht: 2023
Schlagworte:
Online-Zugang:http://is.stuba.sk/zp/portal_zp.pl?podrobnosti=178923
Tags: Tag hinzufügen
Keine Tags, Fügen Sie das erste Tag hinzu!

MARC

LEADER 00000ntm a22000003a 4500
001 stuzp94763
003 SK-STU
005 20231218125131.7
007 ta
008 150427s2015----xo-----f-mn---000-0-slo-d
040 |a STU  |b slo 
041 0 |a slo 
100 1 |a Kamhal, Armín  |u 020020  |4 aut  |U SjF Strojnícka fakulta  |T SjF Ústav automatizácie, merania a aplikovanej informatiky  |X 93012  |U J0020  |Y 802  |7 93012 
242 0 1 |a A set of didactic tasks in the Tecnomatix Plant Simulation software  |y eng 
245 1 0 |a Súbor didaktických úloh v prostredí Tecnomatix Plant Simulation 
260 |c 2023 
650 4 |a tecnomatix  |2 slo 
650 4 |a PLM  |2 slo 
650 4 |a didaktická úloha  |2 slo 
650 4 |a plant simulation  |2 slo 
650 4 |a optimalizácia  |2 slo 
650 4 |a optimatization  |2 eng 
650 4 |a tecnomatix  |2 eng 
650 4 |a plant simulation  |2 eng 
650 4 |a PLM  |2 eng 
650 4 |a didactic task  |2 eng 
700 1 |a Kmeť, Vladimír  |u 020020  |k Z3  |4 ths  |U SjF Strojnícka fakulta  |T SjF Ústav automatizácie, merania a aplikovanej informatiky  |X 87561  |U J0020  |Y 802  |7 87561 
856 4 |u http://is.stuba.sk/zp/portal_zp.pl?podrobnosti=178923 
996 |b 284J047337  |c J* 3557/DBP  |l JJSK  |s A  |a 24  |w stuzp94763_0001